Nueva política comercial para el desarrollo. (Record no. 45312)

MARC details
000 -LEADER
campo de control de longitud fija 01488cam a22003491 4500
001 - NÚMERO DE CONTROL
campo de control 114899
005 - FECHA Y HORA DE LA ÚLTIMA TRANSACCIÓN
campo de control 20230410115640.0
008 - DATOS DE LONGITUD FIJA--INFORMACIÓN GENERAL
campo de control de longitud fija 730309s1964 xx 100 0 spa
035 ## - NÚMERO DE CONTROL DEL SISTEMA
-- (DLC) 67004395
035 ## - NÚMERO DE CONTROL DEL SISTEMA
Número de control de sistema 6606222
010 ## - NÚMERO DE CONTROL DE LA BIBLIOTECA DEL CONGRESO
Número de control de LC 67004395
035 ## - NÚMERO DE CONTROL DEL SISTEMA
Número de control de sistema (OCoLC)575976
040 ## - FUENTE DE CATALOGACIÓN
Centro catalogador/agencia de origen DLC
Centro/agencia transcriptor OCU
Centro/agencia modificador DLC
041 ## - CÓDIGO DE IDIOMA
Código de lengua del texto/banda sonora o título independiente spa
042 ## - CÓDIGO DE AUTENTICACIÓN
Código de autenticación premarc
050 14 - SIGNATURA TOPOGRÁFICA DE LA BIBLIOTECA DEL CONGRESO
Número de clasificación HF1408
Número de ítem .U58 1964
111 2# - ENTRADA PRINCIPAL--NOMBRE DE CONGRESO/REUNIÓN
Nombre de congreso/reunión o jurisdicción como elemento de entrada United Nations Conference on Trade and Development
Fecha del congreso o de la firma del tratado (1964 :
Sede del congreso/Lugar de la reunión Geneva)
245 10 - MENCIÓN DEL TÍTULO
Título Nueva política comercial para el desarrollo.
Mención de responsabilidad, etc. Informe de Raúl Prebisch [secretario general] a la Conferencia de las Naciones Unidas sobre Comercio y Desarrollo inaugurada en Ginebra, Suiza, el 23 de marzo de 1964.
260 ## - PUBLICACIÓN, DISTRIBUCIÓN, ETC.
Lugar de publicación, distribución, etc. México,
Nombre del editor, distribuidor, etc. Fondo de Cultura Económica
Fecha de publicación, distribución, etc. [1964]
300 ## - DESCRIPCIÓN FÍSICA
Extensión 148 p.
Dimensiones 22 cm.
490 1# - MENCIÓN DE SERIE
Mención de serie Sección de obras de economía
500 ## - NOTA GENERAL
Nota general "Este texto fue distribuído, con el título de Hacia una nueva política comercial en pro del desarrollo (E/CONF,46/3) ... al terminar el tercer período de sesiones (Nueva York, febrero de 1964) de la Comisiâon Preparatoria de la Conferencia sobre Comercio y Desarrollo."
504 ## - NOTA DE BIBLIOGRAFÍA, ETC.
Nota de bibliografía, etc. Includes bibliographical references.
650 #4 - PUNTO DE ACCESO ADICIONAL DE MATERIA--TÉRMINO DE MATERIA
Término de materia o nombre geográfico como elemento de entrada CRV
650 #4 - PUNTO DE ACCESO ADICIONAL DE MATERIA--TÉRMINO DE MATERIA
Término de materia o nombre geográfico como elemento de entrada Colección René Villarreal
650 #0 - PUNTO DE ACCESO ADICIONAL DE MATERIA--TÉRMINO DE MATERIA
Término de materia o nombre geográfico como elemento de entrada Foreign trade promotion.
700 1# - ENTRADA AGREGADA--NOMBRE PERSONAL
Nombre de persona Prebisch, Raúl.
830 #0 - PUNTO DE ACCESO ADICIONAL DE SERIE-TÍTULO UNIFORME
Título uniforme Sección de obras de economía (Fondo de Cultura Económica (Mexico))
942 ## - ELEMENTOS DE ENTRADA SECUNDARIOS (KOHA)
Fuente del sistema de clasificación o colocación Clasificación de Library of Congress
Tipo de ítem Koha
946 ## - PROCESAMIENTO DE INFORMACIÓN LOCAL (OCLC)
a lmd
985 ## -
-- OCLC REPLACEMENT cdsdistr
Holdings
Estatus retirado Estado de pérdida Fuente del sistema de clasificación o colocación Estado de daño No para préstamo Colección Biblioteca de origen Biblioteca actual Ubicación en estantería Fecha de adquisición Serial enumeration / chronology Signatura topográfica completa Código de barras Visto por última vez Copia número Tipo de ítem Koha
    Clasificación de Library of Congress     Ciencias Sociales Biblioteca Juan Bosch Biblioteca Juan Bosch Ciencias Sociales (3er. Piso) 10/04/2023 3 HF1408 .U58 1964 00000108322 24/10/2018 1